High speed networks and Internets : (Record no. 176452)
[ view plain ]
| 000 -LEADER | |
|---|---|
| fixed length control field | 00722 a2200181 4500 |
| 003 - CONTROL NUMBER IDENTIFIER | |
| control field | Nust |
| 005 - DATE AND TIME OF LATEST TRANSACTION | |
| control field | 20220730115949.0 |
| 020 ## - INTERNATIONAL STANDARD BOOK NUMBER | |
| International Standard Book Number | 817808578x |
| 040 ## - CATALOGING SOURCE | |
| Transcribing agency | Nust |
| 082 ## - DEWEY DECIMAL CLASSIFICATION NUMBER | |
| Classification number | 004.67,STA |
| 100 ## - MAIN ENTRY--PERSONAL NAME | |
| Personal name | Stallings, William |
| 245 ## - TITLE STATEMENT | |
| Title | High speed networks and Internets : |
| Remainder of title | performance and quality of service / |
| Statement of responsibility, etc. | William Stallings |
| 260 ## - PUBLICATION, DISTRIBUTION, ETC. | |
| Place of publication, distribution, etc. | India |
| Name of publisher, distributor, etc. | Pearson |
| Date of publication, distribution, etc. | 2002 |
| 300 ## - PHYSICAL DESCRIPTION | |
| Extent | 715 p.: |
| 505 ## - FORMATTED CONTENTS NOTE | |
| Formatted contents note | Background. (Page-1), High-Speed Networks. (Page-71), Performance modeling And Estimation (Page-155), Congestion And Traffic Management. (Page-249), Internet Routing. (Page-397), Quality Of Service In Ip Networks (Page-467), Compression. (Page-547). |
| 650 ## - SUBJECT ADDED ENTRY--TOPICAL TERM | |
| Topical term or geographic name entry element | Internet |
| 9 (RLIN) | 17965 |
| 942 ## - ADDED ENTRY ELEMENTS (KOHA) | |
| Source of classification or shelving scheme | |
| Koha item type | Book |
| Call number prefix | 004.67,STA |
| Withdrawn status | Lost status | Source of classification or shelving scheme | Damaged status | Not for loan | Permanent Location | Current Location | Shelving location | Date acquired | Full call number | Barcode | Date last seen | Price effective from | Koha item type | Public note |
|---|---|---|---|---|---|---|---|---|---|---|---|---|---|---|
| Military College of Signals (MCS) | Military College of Signals (MCS) | General Stacks | 12/12/2016 | 004.67,STA | MCS30655 | 12/08/2016 | 12/12/2016 | Book | Almirah No.4, Shelf No.1 |
